Βασική νομοθεσία ευρωπαικού κοινοτικού δικαίου : δευτερογενές δίκαιο - πρωτογενές δίκαιο
Αποθηκεύτηκε σε:
| Κύριος συγγραφέας: | |
|---|---|
| Άλλοι συγγραφείς: | |
| Μορφή: | Βιβλίο |
| Γλώσσα: | Greek |
| Δημοσίευση: |
Αθήνα, Κομοτηνή :
Σάκκουλας,
1986
|
| Θέματα: | |
| Ετικέτες: |
Προσθήκη ετικέτας
Δεν υπάρχουν, Καταχωρήστε ετικέτα πρώτοι!
|
MARC
| LEADER | 00000nam a2200000 i 4500 | ||
|---|---|---|---|
| 001 | 1/48108 | ||
| 008 | 960312s1986 gre d | ||
| 035 | |l 10026614 | ||
| 040 | |a GR-MY-UA |b gre |e aacr | ||
| 041 | 0 | |a gre | |
| 082 | 0 | |a 341.2422 | |
| 100 | 1 | |a Δαγτόγλου, Πρόδρομος Δ. | |
| 245 | 1 | 0 | |a Βασική νομοθεσία ευρωπαικού κοινοτικού δικαίου : |b δευτερογενές δίκαιο - πρωτογενές δίκαιο / |c Π.Δ.Δαγτόγλου, Κ.Σαμώνη - Ράντου |
| 260 | |a Αθήνα, Κομοτηνή : |b Σάκκουλας, |c 1986 | ||
| 300 | |a 1654 σ. | ||
| 500 | |a Τόμος 2:δευτερογενές δίκαιο,Τόμος 1α:πρωτογενές δίκαιο | ||
| 650 | 0 | 0 | |a Legislation |z European Economic Community countries. |
| 700 | 1 | |a Σαμώνη-Ράντου, Κ. | |
| 852 | |a INST |b CHIOS |e 19960312 |h 341.2422 ΔΑΓ |p 005200002823 |q 005200002823 |t BK |y 0 |z τ.1α | ||
| 852 | |a INST |b CHIOS |e 19960312 |h 341.2422 ΔΑΓ |p 005200002824 |q 005200002824 |t BK |y 0 |z τ.2 | ||
| 852 | |a INST |b CHIOS |e 19960312 |h 341.2422 ΔΑΓ |p 005200002823 |q 005200002823 |t BK |v τ.1α: |y 0 |z τ.1α | ||
| 852 | |a INST |b CHIOS |e 19960312 |h 341.2422 ΔΑΓ |p 005200002824 |q 005200002824 |t BK |v τ.2: |y 0 |z τ.2 | ||
| 853 | |a INST |b CHIOS |h 341.2422 ΔΑΓ | ||
| 909 | |a Χ |b 018005 | ||
| 909 | |a Χ |b 018579 | ||